Role-based access control

Saved in:
Bibliographic Details
Main Author: Ferraiolo, David
Other Authors: Kuhn, D. Richard, Chandramouli, Ramaswamy
Format: Book
Language:English
Published: Boston : Artech House, c2003
Series:Artech House computer security series
Subjects:
Tags: Add Tag
No Tags, Be the first to tag this record!

MARC

LEADER 00000nam a2200000 i 4500
001 1/64026
008 041026s2003 eng d
020 |a 1-58053-370-1 
035 |l 10074935 
040 |a GR-MY-UA  |b gre  |e aacr 
041 0 |a eng 
082 0 |a 005.8 
100 1 |a Ferraiolo, David. 
245 1 0 |a Role-based access control /  |c David F. Ferraiolo, D. Richard Kuhn, Ramaswamy Chandramouli 
260 |a Boston :   |b Artech House,   |c c2003 
300 |a xvii, 316 σ.;  |b εικ.;  |c 24 εκ. 
490 1 |a Artech House computer security series 
504 |a περιέχει βιβλιογραφικές παραπομπές και ευρετήριο 
650 0 0 |a Computers  |x Access control. 
650 0 0 |a Computer security. 
650 0 0 |a Computer networks  |x Access control. 
700 1 |a Kuhn, D. Richard. 
700 1 |a Chandramouli, Ramaswamy. 
830 0 |a Artech House computer security series 
852 |a INST  |b SAMOS  |e 20041026  |h 005.8 FER  |p 005300022905  |q 005300022905  |t BK  |y 0 
901 |a BIBL3-2004-3 
909 |a Σ  |b 113966 
920 |a ΔΙΕΥΡΥΝΣΗ  |b ΕΠΕΑΕΚ-ΤΜΠΕΣ  |y ΣΑΜΟΣ  |z 2004-10 
970 |a ΜΑΛΑΓΑΡΗ  |b ΦΩΤΕΙΝΗ  |z 2004/10/26